000 00685nam a2200289Ia 4500
005 20260324130259.0
008 008 260324s9999 xx 000 0 eng d
020 _a9780203937433
037 _aEBOOK
040 _aCRL
040 _beng
040 _cCRL
041 _2eng
041 _aeng
084 _qCRL
100 _aHeribert Dieter
_91181178
245 4 _aThe Evolution of Regionalism in Asia
245 0 _bEconomic and Security Issues
260 _bTaylor and Francis
260 _c2007
365 _a
365 _b160
856 _uhttp://www.taylorfrancis.com/books/9780203937433
942 _cEBOOK
999 _c1777216
_d1777216